000 00531cam a2200145 4500500
005 20260329015405.0
041 _afre
042 _adc
100 1 0 _aGuidon-Le Brun, Maryvonne
_eauthor
245 0 0 _aReceiving an SDS before the product: checking key information
260 _c2026.
500 _a53
786 0 _nChemical risk prevention manager | - | 2026-03-11 | p. 15-15
856 4 1 _uhttps://stm.cairn.info/chemical-risk-management-health-and-safety-at-work--bdti22743210-fic0320-page-15?lang=en&redirect-ssocas=7080
999 _c1897443
_d1897443